000 00331nam a22001457a 4500
008 210311b ||||| |||| 00| 0 eng d
020 _a003086688X
041 _aeng
080 _a311
082 _a331
100 _a55
101 _aSTA
245 _aIntroduction to Statistics and Probability
_cDudewicz,J.E
942 _2udc
_cBK
999 _c56393
_d56393